| 000 | 01448nam a2200349 c 4500 | ||
|---|---|---|---|
| 003 | BLK | ||
| 005 | 20180420214755.0 | ||
| 008 | 180412b bul|||||r ||||||| ||bul|| | ||
| 010 | _aKNG00014236000 | ||
| 020 |
_a954-8163-62-4 _bиздат.: Литера Прима - на том(т. 4) |
||
| 040 | _aBLK | ||
| 041 |
_aBUL _cBUL |
||
| 080 |
_aСредства на водния транспорт. Плавателни съдове. Корабостроене _b629.12 _x _z629.12 |
||
| 100 | 1 |
_aЧонев, Чони _eпърви автор _9252230 |
|
| 139 |
_aЧонев, Чони _bЧ 91 |
||
| 245 | 1 | 0 |
_aКорабите _bНаучнопопул. четиво : T. 1 - _cЧони Чонев. _nТ. 4 _pВекът на новите технологии |
| 257 | _aBGR | ||
| 260 |
_аСофия _c1995 - |
||
| 300 | _c23 см | ||
| 380 | _a62 | ||
| 504 | _a364-365 | ||
| 650 | 4 |
_aКораби _9159349 |
|
| 650 | 4 |
_aКорабоплаване _9159415 |
|
| 650 | 4 |
_aКорабостроене _9159429 |
|
| 653 | _aкорабостроене | ||
| 760 | 1 |
_3- на том(т. 4) _aЧонев, Чони _dЛитера Прима, 1996 _h368 с. : с ил., сх., табл. _nБиблиогр. с. 364-365 ; Азб. указ. на типовите кораби _tТ. 4 Векът на новите технологии |
|
| 852 | _aЦб 183444 | ||
| 856 | 4 |
_qpdf _u |
|
| 856 | 4 |
_qpdf _u |
|
| 942 |
_cKNG _n0 |
||
| 944 |
_aCR _c15.01.2003 _kКети_Илиева |
||
| 944 |
_aED _c17.09.2011 _k |
||
| 999 |
_c12626 _d12626 |
||